| 000 | 00714nam a2200253Ia 4500 | ||
|---|---|---|---|
| 001 | 17614 | ||
| 005 | 20240113235809.0 | ||
| 007 | ta | ||
| 008 | 060104s1972 g b000 u 465 u | ||
| 040 | _aCotton College,Assam | ||
| 041 | _a465 | ||
| 082 |
_a320.943 _bSo 59 G |
||
| 100 | _aSonthimer, Kurt . | ||
| 245 | 0 |
_aThe Government and Politics of West Germany / _cKurt Sonthimer. _hTextual Documents |
|
| 250 | _a1st ed. / | ||
| 260 |
_aLondon : _bHutchinson University Library , _c1972. |
||
| 300 |
_a208p. ; _c22cm. |
||
| 653 | _aGovernment-West Germany | ||
| 653 | _aPolitics of West Germany | ||
| 653 | _aG-Political Science | ||
| 942 |
_2ddc _cBK |
||
| 999 |
_c17596 _d17596 |
||